British Sports Stars By Surname - The Letter S (Photo Quiz) - Statistics

General Stats
  • This quiz has been taken 40 times
  • The average score is 9 of 20
Answer Stats
Picture Hint Answer % Correct
Born 2001 Football Bukayo Saka
89%
Born 1949 Football Peter Shilton
76%
Born 1991 Cricket Ben Stokes
66%
Born 1987 Football Jill Scott
66%
Born 1939 Motor Racing Jackie Stewart
61%
Born 1987 Gymnastics Louis Smith
61%
Born 1984 Football Alex Scott
58%
Born 1956 Athletics Tessa Sanderson
58%
Born 1963 Cricket Alec Stewart
53%
1950 - 2003 Motor Cycling Barry Sheene
50%
Born 1938 Show Jumping Harvey Smith
42%
1935 - 2006 Snooker John Spencer
32%
1934 - 2017 Motor Cycling & Motor Racing John Surtees
32%
Born 1973 Athletics Steve Smith
26%
Born 1957 Show Jumping Nick Skelton
21%
1937 - 1967 Cycling Tom Simpson
18%
Born 1949 Athletics Ian Stewart
16%
Born 1950 Boxing John H Stracey
16%
1928 - 2021 Fencing Gillian Sheen
8%
1962 - 2025 Hockey Imran Sherwani
8%
No matching quizzes found
Score Distribution
Percent of People with Each Score
Percentile by Number Answered
Your Score History
You have not taken this quiz